000 00572nam a22002177a 4500
942 _cBK
999 _c747
_d747
005 20250420134823.0
008 211114b ||||| |||| 00| 0 eng d
020 _a9789351341857
040 _cKCST
082 _a530
_bBe Co
100 _aBeiser, Arthur
_91110
245 _aConcepts of modern physics /
_bArthur Beiser; Sobhit Mahajan; S Rai Choudhury;
250 _a7
260 _aChennai:
_bMc-Graw-Hill;
_c2015.
300 _ap.
650 _aPhysics.
_93
700 _aMahajan, Sobhit
_95519
700 _aChoudhury, S Rai
_95520
942 _2ddc